Processo de cartas de amores ; (Record no. 181635)

MARC details
000 -LEADER
campo de control de longitud fija 01255nam a2200301 i 4500
001 - NÚMERO DE CONTROL
campo de control 181635
003 - IDENTIFICADOR DE NÚMERO DE CONTROL
campo de control ES-MaACL
005 - FECHA Y HORA DE LA ÚLTIMA TRANSACCIÓN
campo de control 20251129063055.0
008 - DATOS DE LONGITUD FIJA--INFORMACIÓN GENERAL
campo de control de longitud fija 130226s1956 sp |||| | spa d
080 ## - NÚMERO DE LA CLASIFICACIÓN DECIMAL UNIVERSAL
Número de la Clasificación Decimal Universal 821.134.2-322.7"15"
100 1# - ENTRADA PRINCIPAL--NOMBRE DE PERSONA
Nombre de persona Segura, Juan de,
Fechas asociadas al nombre fl. 1553
9 (RLIN) 152387
245 10 - MENCIÓN DEL TÍTULO
Título Processo de cartas de amores ;
Resto del título y Quexa y aviso contra amor /
Mención de responsabilidad, etc. por Juan de Segura . Cartas en refranes / de Blasco de Garay . Diálogos de mujeres / por Cristóbal de Castillejo.
246 3# - FORMA VARIANTE DEL TITULO
Título propio/Titulo breve Quexa y aviso contra amor
260 ## - PUBLICACIÓN, DISTRIBUCIÓN, ETC.
Lugar de publicación, distribución, etc. Madrid :
Nombre del editor, distribuidor, etc. Sociedad de Bibliófilos Españoles,
Fecha de publicación, distribución, etc. 1956 (
Lugar de fabricación/manufactura Valencia :
Fabricante Tip. Moderna)
300 ## - DESCRIPCIÓN FÍSICA
Extensión LII, 272 p. ;
Dimensiones 25 cm.
490 1# - MENCIÓN DE SERIE
Mención de serie Sociedad de Bibliófilos Españoles. Segunda época ;
Designación de volumen o secuencia 31
595 ## -
-- Todo según la edición de Venecia, 1553
700 1# - ENTRADA AGREGADA--NOMBRE PERSONAL
Nombre de persona Garay, Blasco de.
9 (RLIN) 152388
700 1# - ENTRADA AGREGADA--NOMBRE PERSONAL
Nombre de persona Castillejo, Cristobal,
Fechas asociadas al nombre 1494-1550
9 (RLIN) 36660
710 2# - ENTRADA AGREGADA--NOMBRE DE ENTIDAD CORPORATIVA
Nombre de entidad corporativa o nombre de jurisdicción como elemento de entrada Sociedad de Bibliófilos Españoles.
9 (RLIN) 6661
740 02 - ENTRADA AGREGADA--TÍTULO RELACIONADO/ANALÍTICO NO CONTROLADO
Título relacionado o analítico no controlado Proceso de cartas de amores.
740 02 - ENTRADA AGREGADA--TÍTULO RELACIONADO/ANALÍTICO NO CONTROLADO
Título relacionado o analítico no controlado Queja y aviso contra amor.
740 02 - ENTRADA AGREGADA--TÍTULO RELACIONADO/ANALÍTICO NO CONTROLADO
Título relacionado o analítico no controlado Cartas en refranes.
740 02 - ENTRADA AGREGADA--TÍTULO RELACIONADO/ANALÍTICO NO CONTROLADO
Título relacionado o analítico no controlado Diálogos de mujeres.
830 10 - PUNTO DE ACCESO ADICIONAL DE SERIE-TÍTULO UNIFORME
Título uniforme Sociedad de Bibliófilos Españoles. Segunda época
Designación de volumen o secuencia 31
9 (RLIN) 191496
852 4# - LOCALIZACIÓN
Ubicación ES-MaACL
Número de control de estantería J-7(II-31)
Holdings
Estatus retirado Estado de pérdida Estado de daño No para préstamo Biblioteca de origen Biblioteca actual Ubicación en estantería Fecha de adquisición Fuente de adquisición Total de préstamos Signatura topográfica completa Código de barras Visto por última vez Precio de reemplazo Tipo de ítem Koha
        Biblioteca del Ateneo de Madrid Biblioteca del Ateneo de Madrid Depósito 2 26/02/2013     J-7(II-31) 1190881 23/02/2023 23/02/2023 Libro impreso